000 00807nam a2200253 i 4500
001 129900
003 ES-MaACL
005 20250710062730.0
007 t|
008 070709s1995 fr |||| | fre d
020 _a2 13 042906 X
080 _a811.111'373.6
100 1 _aBlanchot, Jean-Jacques.
_929162
245 1 2 _aL'étymologie anglais /
_cJean-Jacques Blanchot.
250 _a1e éd.
260 _aParis :
_bPresses Universitaires de France,
_c[1995]
300 _a127 p. ;
_c18 cm.
490 1 _aQue sais-je?.
_aCollection encyclopédique ;
_v1652
504 _aBibliografía: p.125-126.
650 1 4 _aLengua inglesa-
_xEtimología.
_914274
830 0 0 _aQue sais-je?
_v1652
_9180931
852 _aES-MaACL
_jE-11866
_z. - Biblioteca Jacinto Martínez Lacalle
999 _c129900
_d129900